| 000 | 00795nam a2200253 a 4500 | ||
|---|---|---|---|
| 999 |
_c346135 _d346135 |
||
| 003 | BLK | ||
| 005 | 20250728145329.0 | ||
| 008 | 191023b bu ||||| |||| 00| 0 bu d | ||
| 020 | _a9789546559364 | ||
| 040 | _aBLK | ||
| 041 |
_aBUL _cBUL |
||
| 080 |
_aАмериканска литература (на САЩ) _b821.111(73) _z821.111(73) |
||
| 100 |
_9324309 _aДжеймс, Е. Л. _eпърви автор |
||
| 139 |
_aДжеймс, Е. Л. _bД 50 |
||
| 245 | _aГосподинът | ||
| 260 |
_9209457 _aСофия _bБард _c2019 |
||
| 300 |
_a463 с. _c22 см |
||
| 380 | _aX | ||
| 700 |
_91311 _aТотоманов, Иван _eред. |
||
| 852 | _aЦб 299986 | ||
| 942 |
_cKNG _n0 _s1 _046 |
||
| 944 |
_aCR _c2019-10-23 _k30531 _lЦветелина Шанова |
||
| 999 | _d346135 | ||